🎤 Guess the Taylor Swift song (no hints) #5 - Statistics

General Stats
  • This quiz has been taken 60 times
  • The average score is 208 of 272
Answer Stats
Lyrics % Correct
a
100%
I
100%
You
98%
you
98%
And
95%
we
95%
that
93%
the
93%
It
90%
it
90%
me
90%
be
88%
to
88%
do
85%
like
85%
said
85%
she
85%
was
85%
Was
85%
who
85%
your
85%
for
83%
my
83%
of
83%
On
83%
on
83%
this
83%
were
83%
you're
83%
is,
80%
is
80%
say
80%
so
80%
when
80%
Don't
78%
don't
78%
had
78%
off
78%
think
78%
with?
78%
With
78%
am
76%
get
76%
have
76%
I'd
76%
I'll
76%
men
76%
talk
76%
been
73%
Did
73%
just
73%
Just
73%
know
73%
Now
73%
now
73%
what
73%
What
73%
But
71%
call
71%
ever
71%
it's
71%
never,
71%
you'd
71%
back
68%
best
68%
chest
68%
didn't
68%
from
68%
got
68%
has
68%
though
68%
want
68%
can't
66%
friend,
66%
lost
66%
mega
66%
mom,
66%
pretend
66%
way
66%
cost,
63%
friends
63%
guess
63%
Guess
63%
how
63%
important
63%
long
63%
looks
63%
only
63%
Or
63%
part
63%
tell
63%
thoughts
63%
better
61%
even
61%
hair
61%
home?
61%
new
61%
party
61%
Red
61%
rock
61%
Sea
61%
went
61%
yacht
61%
cannot
59%
grew
59%
heard
59%
less
59%
maybe
59%
more
59%
old
59%
acid
56%
change
56%
chasing
56%
crowd
56%
dignity
56%
everybody
56%
gave,
56%
into
56%
outside
56%
pay
56%
price
56%
started
56%
anxious
54%
icons
54%
miss
54%
myself,
54%
myself
54%
mystery
54%
'til
54%
Truth
54%
tryin'
54%
Remind
51%
ways
51%
weekends
51%
lives
49%
shrouded
49%
turn
49%
ended,
46%
faded
46%
left
46%
Platonic,
41%
dinners,
32%
Shared
29%
No matching quizzes found
Score Distribution
Percent of People with Each Score
Percentile by Number Answered
Your Score History
You have not taken this quiz